Air pollution from motor vehicles : (Record no. 159468)
[ view plain ]
| 000 -LEADER | |
|---|---|
| fixed length control field | 00980cam a2200265 a 4500 |
| 008 - FIXED-LENGTH DATA ELEMENTS--GENERAL INFORMATION | |
| fixed length control field | |
| 020 ## - INTERNATIONAL STANDARD BOOK NUMBER | |
| International Standard Book Number | 0821334441 (pbk.) |
| 049 ## - LOCAL HOLDINGS (OCLC) | |
| Holding library | MAIN |
| 090 ## - LOCALLY ASSIGNED LC-TYPE CALL NUMBER (OCLC); LOCAL CALL NUMBER (RLIN) | |
| Classification number (OCLC) (R) ; Classification number, CALL (RLIN) (NR) | TL214 |
| 003 - CONTROL NUMBER IDENTIFIER | |
| control field | |
| 005 - DATE AND TIME OF LATEST TRANSACTION | |
| control field | 20230123134052.0 |
| 040 ## - CATALOGING SOURCE | |
| Transcribing agency | NUST |
| 100 1# - MAIN ENTRY--PERSONAL NAME | |
| Personal name | Faiz, Asif. |
| 245 10 - TITLE STATEMENT | |
| Title | Air pollution from motor vehicles : |
| Remainder of title | standards and technologies for controlling emissions / |
| Statement of responsibility, etc. | Asif Faiz, Christopher S. Weaver, Michael P. Walsh ; with contributions by Surhid Gautam, Lit-Mian Chan. |
| 260 ## - PUBLICATION, DISTRIBUTION, ETC. | |
| Place of publication, distribution, etc. | Washington, D.C. : |
| Name of publisher, distributor, etc. | World Bank, |
| Date of publication, distribution, etc. | 1996. |
| 300 ## - PHYSICAL DESCRIPTION | |
| Extent | xix, 246 p. : |
| Other physical details | ill. ; |
| Dimensions | 28 cm. |
| 500 ## - GENERAL NOTE | |
| General note | Includes index. |
| 504 ## - BIBLIOGRAPHY, ETC. NOTE | |
| Bibliography, etc. note | Includes bibliographical references. |
| 650 #0 - SUBJECT ADDED ENTRY--TOPICAL TERM | |
| Topical term or geographic name entry element | Motor vehicles |
| General subdivision | Pollution control devices. |
| 650 #0 - SUBJECT ADDED ENTRY--TOPICAL TERM | |
| Topical term or geographic name entry element | Automobiles |
| General subdivision | Motors |
| -- | Exhaust gas |
| -- | Law and legislation |
| Geographic subdivision | United States. |
| 700 1# - ADDED ENTRY--PERSONAL NAME | |
| Personal name | Weaver, Christopher S. |
| 700 1# - ADDED ENTRY--PERSONAL NAME | |
| Personal name | Walsh, Michael P. |
| 907 ## - LOCAL DATA ELEMENT G, LDG (RLIN) | |
| a | .b10172087 |
| b | 14-09-05 |
| c | 18-08-05 |
| 942 ## - ADDED ENTRY ELEMENTS (KOHA) | |
| Koha item type | Ordinary Loan Books |
| Call number prefix | TL214 |
| Date last seen | Total Checkouts | Full call number | Barcode | Cost, replacement price | Price effective from | Koha item type | Lost status | Source of classification or shelving scheme | Damaged status | Not for loan | Collection | Withdrawn status | Home library | Current library | Shelving location | Date acquired | Cost, normal purchase price |
|---|---|---|---|---|---|---|---|---|---|---|---|---|---|---|---|---|---|
| 01/23/2023 | TL214 FAI | 92003018764 | 80.00 | 01/23/2023 | BOOKS | LCC | NFIC | MAIN | MAIN | GEN | 01/23/2023 | 80.00 |